| 000 | 00726nam a2200217 a 4500 | ||
|---|---|---|---|
| 001 | 000043919 | ||
| 005 | 20201002045037.0 | ||
| 008 | 140508s1997 sp a 000 0 spa d | ||
| 020 | _a8437615216 | ||
| 040 |
_aDO-SdBNP _bspa _cBNPHU |
||
| 082 |
_axxxx _bxxxx |
||
| 100 | 1 |
_aÁvila, Alejandro _971827 |
|
| 245 | 1 | 3 |
_aEl Doblaje / _cAlejandro Ávila ; prólogo Joaquim Romaguera I Ramió. |
| 260 |
_aMadrid : _bCátedra, _c1997. |
||
| 300 |
_a167 p. : _bil. ; _c21 cm.v. |
||
| 490 | 1 |
_aSigno e imagen _v46 |
|
| 500 | _aIncluye referencias bibliográficas y notas al pie de las páginas | ||
| 504 | _aBibliografía : p. 157-164 | ||
| 700 | 1 | 2 |
_aRomaguera I Ramió, Joaquim _epról. _948325 |
| 830 | 0 |
_aSigno e imagen ; _n46 _971828 |
|
| 999 |
_c43408 _d43408 |
||